| 000 | 00755nam a2200241Ia 4500 | ||
|---|---|---|---|
| 003 | GCL | ||
| 008 | 140319s9999 xx 000 0 ara d | ||
| 040 |
_aGCL / _cGCL |
||
| 082 | 0 | 4 |
_a327.11 _bح خ |
| 100 | 1 | _aحمدان حمدان | |
| 245 | 1 | 0 |
_aالخليج بيننا قطرة نفط بقطرة دم / _cحمدان حمدان |
| 260 |
_a[S.N] : _bبيان ، _c1993 |
||
| 300 | _a717 ص | ||
| 490 | _a | ||
| 650 | 0 | 4 | _aالكويت |
| 650 | 0 | 4 | _aالولايات المتحدة الامريكية |
| 650 | 0 | 4 | _aالوطن العربى |
| 650 | 0 | 4 | _aالدبلوماسية |
| 650 | 0 | 4 | _aالعمليات الحربية |
| 650 | 0 | 4 | _aالاحكام العسكرية |
| 650 | 0 | 4 | _aالنظام العالمى الحديث |
| 942 |
_2ddc _cBK |
||
| 999 |
_c55600 _d55600 |
||